| 000 | 00558nam a22001937a 4500 | ||
|---|---|---|---|
| 005 | 20140804113609.0 | ||
| 010 | _aENG-110038 | ||
| 020 |
_a9789351610069 _c550.00 |
||
| 035 | _aEN-93571 | ||
| 037 | _bDBAD/PUB | ||
| 082 | _a658.3 | ||
| 100 | _aGupta, C.B. | ||
| 245 |
_aHuman resource management : _btext and cases / _cby C.B. Gupta |
||
| 250 | _a15th thoroughly rev. ed | ||
| 260 |
_aNew Delhi _bSultan Chand _c2014 |
||
| 270 |
_a23, Darya Ganj _bDelhi _e110002 |
||
| 300 |
_avarious pagings _b25cm(pbk) |
||
| 942 |
_2ddc _cEN _mGUP _h658.3 |
||
| 999 |
_c84370 _d84370 |
||